01565nam a22003737a 4500003000500000005001700005008004100022010001000063011001000073035001000083040000900093082001600102100003100118245020700149260003900356300002000395490003800415590004100453590004100494590004100535590004200576650001500618650003200633650002600665650003200691650003000723830004600753901000700799942001000806949007200816999001700888952014900905952013701054CHAP20220329135636.0971013s1985 r 00010 d a39804 a40776 a44902 cCHAP a333.917bN500aNiering, William A.981249 aWetlandsb: a comprehensive field guide, fully ilustrated with color photographs, to the trees, wildflowers, fishes, insects, birds, and other natural wonders of North Americ's rivers, lakes, and swamps aNew York :bAlfred A. Knopf,c1985 a638 p.b: ilus. aThe Audubon Society Nature Guides aBATCH-UPDb10c20130110lUCH01h1228 aBATCH-UPDb10c20130410lUCH01h0759 aBATCH-UPDb10c20130914lUCH01h1416 aCONVERSIONb10c20130109lUCH01h132214aAves9859014aFauna de agua dulce.93983514aFlora costera.94131814aPlantas acuáticas.98889714aRegiones costeras.9956680 aThe Audubon Society Nature Guides9112624 aBK cLIBRO a333.917 N5bBCcCd33724000507653eCgI.c/eh88303i44902sit20.00 c39804d39804 00102ddc4051708CaBCbBCcPA_CONSULTAd2014-09-11eI.c/efLIBROl0o333.917 N5p33724002350595r2019-12-31 00:00:00tc.2w2014-09-11yLIBRO 00102ddc4051708CaBCbBCcPA_CONSULTAd2019-12-31fLIBROl0o333.917 N5p33724000507653r2019-12-31 00:00:00w2019-12-31yLIBRO